| 000 | 01595nam a2200337 a 4500 | ||
|---|---|---|---|
| 001 | 60547 | ||
| 003 | BD-RjUL | ||
| 005 | 20211209080845.0 | ||
| 008 | 170101s1993 bg b s o000 0 eng d | ||
| 020 |
_a9845080766 _c: Complimentary |
||
| 020 |
_a9845080766 _c: Tk.400.00 (Inland) |
||
| 035 | _a(BD-RjUL)60671 | ||
| 035 | _a(OCoLC)ocm27450619 | ||
| 035 | _a(NNC)1450898 | ||
| 040 |
_aDLC _cDLC _dDLC _dBD-RjUL _beng |
||
| 041 | 0 | _aengben | |
| 082 |
_223 _a304.6095492021 _bPIR 1993 (CS) |
||
| 110 |
_aBangladesh Bureau Of Statistics. _9179266 |
||
| 245 | 1 | 0 |
_aBangladesh population census, 1991 = বাংলাদেশ আদমশুমারী, ১৯৯১ : _bCommunity series, Zila: Pirojpur = কমিউনিটি সিরিজ, জেলা: পিরোজপুর / _cBangladesh Bureau Of Statistics. |
| 246 |
_aবাংলাদেশ আদমশুমারী, ১৯৯১ : _bকমিউনিটি সিরিজ, জেলা: পিরোজপুর |
||
| 260 |
_aDhaka : _bBBS, _c1993. |
||
| 300 |
_axiv, 124 p. : _bill. ; _c28 cm. |
||
| 490 | _aCommunity series, Zila: Pirojpur | ||
| 490 | _aকমিউনিটি সিরিজ, জেলা: পিরোজপুর | ||
| 500 | _aPrefatory matter in Bengali and English. | ||
| 651 |
_aBangladesh _zPirojpur _vCensus, 1991 _9180320 |
||
| 651 |
_aBangladesh _zPirojpur _xPopulation _vStatistics _9180321 _y1991 |
||
| 830 |
_aCommunity series, Zila: Pirojpur _9190077 |
||
| 830 |
_aকমিউনিটি সিরিজ, জেলা: পিরোজপুর _9180044 |
||
| 942 |
_2ddc _cRAR |
||
| 999 |
_c60547 _d60547 |
||